| 000 | 00458nam a22001697a 4500 | ||
|---|---|---|---|
| 999 |
_c525374 _d525374 |
||
| 003 | NUST | ||
| 038 | _aArshad | ||
| 082 |
_a160 _bSYE |
||
| 100 |
_aHussain , Syeed Abid _914540 |
||
| 245 |
_aTanqeed Aql -e- Mehaz / _cSyeed Abid Hussain |
||
| 260 |
_aDehli : _bLahorty Print Aids, _c2002. |
||
| 300 | _a488 p. ; | ||
| 500 | _aPapercover. | ||
| 880 |
_6100-01\r _aسیدعابدحسین |
||
| 880 |
_6245-02\r _a تنقیدعقل محض / |
||
| 942 |
_2ddc _cBK |
||